<?xml version="1.0" encoding="UTF-8"?>
<collection xmlns="http://www.loc.gov/MARC21/slim">
 <record>
  <leader>01851cam a2200409  a4500</leader>
  <controlfield tag="001">1084252082</controlfield>
  <controlfield tag="003">DE-627</controlfield>
  <controlfield tag="005">20231122103256.0</controlfield>
  <controlfield tag="007">tu</controlfield>
  <controlfield tag="008">880629m19881988xx |||||      00| ||ger c</controlfield>
  <datafield tag="015" ind1=" " ind2=" ">
   <subfield code="a">88,N22,0374</subfield>
   <subfield code="2">dnb</subfield>
  </datafield>
  <datafield tag="016" ind1="7" ind2=" ">
   <subfield code="a">551422653</subfield>
   <subfield code="2">DE-101</subfield>
  </datafield>
  <datafield tag="020" ind1=" " ind2=" ">
   <subfield code="a">377744720X</subfield>
   <subfield code="9">3-7774-4720-X</subfield>
  </datafield>
  <datafield tag="035" ind1=" " ind2=" ">
   <subfield code="a">(DE-627)1084252082</subfield>
  </datafield>
  <datafield tag="035" ind1=" " ind2=" ">
   <subfield code="a">(DE-576)014252082</subfield>
  </datafield>
  <datafield tag="035" ind1=" " ind2=" ">
   <subfield code="a">(DE-599)DNB551422653</subfield>
  </datafield>
  <datafield tag="040" ind1=" " ind2=" ">
   <subfield code="a">DE-627</subfield>
   <subfield code="b">ger</subfield>
   <subfield code="c">DE-627</subfield>
   <subfield code="e">rakwb</subfield>
  </datafield>
  <datafield tag="041" ind1=" " ind2=" ">
   <subfield code="a">ger</subfield>
  </datafield>
  <datafield tag="084" ind1=" " ind2=" ">
   <subfield code="a">LI 27985</subfield>
   <subfield code="2">rvk</subfield>
   <subfield code="0">(DE-625)rvk/95929:</subfield>
  </datafield>
  <datafield tag="100" ind1="1" ind2=" ">
   <subfield code="a">Lankheit, Klaus</subfield>
   <subfield code="d">1913-1992</subfield>
   <subfield code="0">(DE-588)11872648X</subfield>
   <subfield code="0">(DE-627)079507832</subfield>
   <subfield code="0">(DE-576)161909590</subfield>
   <subfield code="4">aut</subfield>
  </datafield>
  <datafield tag="245" ind1="1" ind2="4">
   <subfield code="a">Der kurpfälzische Hofbildhauer Paul Egell</subfield>
   <subfield code="b">1691 - 1752</subfield>
   <subfield code="c">Klaus Lankheit</subfield>
  </datafield>
  <datafield tag="264" ind1=" " ind2="1">
   <subfield code="a">München</subfield>
   <subfield code="b">Hirmer</subfield>
   <subfield code="c">1988-1988</subfield>
  </datafield>
  <datafield tag="336" ind1=" " ind2=" ">
   <subfield code="a">Text</subfield>
   <subfield code="b">txt</subfield>
   <subfield code="2">rdacontent</subfield>
  </datafield>
  <datafield tag="337" ind1=" " ind2=" ">
   <subfield code="a">ohne Hilfsmittel zu benutzen</subfield>
   <subfield code="b">n</subfield>
   <subfield code="2">rdamedia</subfield>
  </datafield>
  <datafield tag="338" ind1=" " ind2=" ">
   <subfield code="a">Band</subfield>
   <subfield code="b">nc</subfield>
   <subfield code="2">rdacarrier</subfield>
  </datafield>
  <datafield tag="689" ind1="0" ind2="0">
   <subfield code="d">p</subfield>
   <subfield code="0">(DE-588)118529013</subfield>
   <subfield code="0">(DE-627)079329845</subfield>
   <subfield code="0">(DE-576)208904549</subfield>
   <subfield code="a">Egell, Paul</subfield>
   <subfield code="d">1691-1752</subfield>
   <subfield code="2">gnd</subfield>
  </datafield>
  <datafield tag="689" ind1="0" ind2="1">
   <subfield code="d">s</subfield>
   <subfield code="0">(DE-588)4046277-8</subfield>
   <subfield code="0">(DE-627)106198602</subfield>
   <subfield code="0">(DE-576)209068817</subfield>
   <subfield code="a">Plastik</subfield>
   <subfield code="2">gnd</subfield>
  </datafield>
  <datafield tag="689" ind1="0" ind2=" ">
   <subfield code="5">(DE-627)</subfield>
  </datafield>
  <datafield tag="700" ind1="1" ind2=" ">
   <subfield code="a">Egell, Paul</subfield>
   <subfield code="d">1691-1752</subfield>
   <subfield code="e">Ill.</subfield>
   <subfield code="0">(DE-588)118529013</subfield>
   <subfield code="0">(DE-627)079329845</subfield>
   <subfield code="0">(DE-576)208904549</subfield>
   <subfield code="4">ill</subfield>
  </datafield>
  <datafield tag="787" ind1="0" ind2="8">
   <subfield code="i">Rezensiert in</subfield>
   <subfield code="a">Zimmermann, Eva</subfield>
   <subfield code="t">[Rezension von: Klaus Lankheit, Der kurpfälzische Hofbildhauer Paul Egell 1691-1752]</subfield>
   <subfield code="d">1991</subfield>
   <subfield code="w">(DE-627)1870857240</subfield>
  </datafield>
  <datafield tag="787" ind1="0" ind2="8">
   <subfield code="i">Rezension</subfield>
   <subfield code="a">Huth, Hans, 1892 - 1977</subfield>
   <subfield code="t">Klaus Lankheit, Der kurpfälzische Hofbildhauer Paul Egell, 1691 - 1752</subfield>
   <subfield code="d">1989</subfield>
   <subfield code="w">(DE-627)1475469772</subfield>
   <subfield code="w">(DE-576)405469772</subfield>
  </datafield>
  <datafield tag="936" ind1="r" ind2="v">
   <subfield code="a">LI 27985</subfield>
   <subfield code="b">Egell, Paul</subfield>
   <subfield code="k">Künstler-Monografien</subfield>
   <subfield code="k">Alphabetische Künstlerliste</subfield>
   <subfield code="k">Künstler E</subfield>
   <subfield code="k">Egell, Paul</subfield>
   <subfield code="0">(DE-627)1271131226</subfield>
   <subfield code="0">(DE-625)rvk/95929:</subfield>
   <subfield code="0">(DE-576)201131226</subfield>
  </datafield>
  <datafield tag="951" ind1=" " ind2=" ">
   <subfield code="a">MC</subfield>
  </datafield>
  <datafield tag="990" ind1=" " ind2=" ">
   <subfield code="a">Egell, Paul</subfield>
  </datafield>
  <datafield tag="990" ind1=" " ind2=" ">
   <subfield code="a">Plastik</subfield>
  </datafield>
  <datafield tag="991" ind1=" " ind2=" ">
   <subfield code="a">Rezensiertes Werk</subfield>
  </datafield>
  <datafield tag="999" ind1=" " ind2=" ">
   <subfield code="a">KXP-PPN1084252082</subfield>
   <subfield code="e">4193665690</subfield>
  </datafield>
 </record>
</collection>
